[Event "London Classic FIDE Open"]
[Site "London ENG"]
[Date "2011.12.06"]
[Round "4"]
[White "Sreeves, Clement"]
[Black "Frank-Nielsen, Marie"]
[Result "1-0"]
[BlackTitle "WFM"]
[WhiteElo "2247"]
[BlackElo "2015"]
[WhiteFideId "2402564"]
[BlackFideId "1409344"]
[EventDate "2011.12.03"]

1. e4 e5 2. Nf3 Nc6 3. Bb5 Nge7 4. c3 g6 5. d4 exd4 6. cxd4 a6 7. Bc4 d5 8. exd5
Na5 9. Bd3 Nxd5 10. O-O Nc6 11. Re1+ Nce7 12. Nc3 Be6 13. Ng5 Qd7 14. Qf3 O-O-O
15. Nxf7 Bxf7 16. Qxf7 Nb4 17. Bc4 Kb8 18. Bg5 Nc2 19. Bxe7 Bxe7 20. Rxe7 Qd6
21. Rc1 Nxd4 22. Ree1 Rhf8 23. Qe7 Qf4 24. Qe3 Qg4 25. Qg3 Qh5 26. Be2 Qa5 27.
Bf1 Rf5 28. Ne4 Rdf8 29. b4 Qxa2 30. Rxc7 Ka8 31. Rec1 Qe6 32. Ng5 Ne2+ 33. Bxe2
Qxe2 34. Nf3 Ka7 35. Qd6 Qe4 36. Rxb7+ Qxb7 37. Rc7 Rb8 38. h3 Qxc7 39. Qxc7+
Rb7 40. Qc4 Rfb5 41. Nd4 1-0

[Event "London Classic FIDE Open"]
[Site "London ENG"]
[Date "2011.12.06"]
[Round "4"]
[White "Coleman, David J"]
[Black "Lee, Kai Jie Edward"]
[Result "0-1"]
[WhiteTitle "CM"]
[WhiteElo "2244"]
[BlackElo "2003"]
[WhiteFideId "402087"]
[BlackFideId "5802920"]
[EventDate "2011.12.03"]

1. e4 e5 2. d4 exd4 3. Qxd4 Nc6 4. Qe3 Nf6 5. Nc3 Bb4 6. Bd2 O-O 7. O-O-O Re8 8.
Bc4 Ne5 9. Be2 d6 10. Nh3 Ng6 11. Ng5 h6 12. h4 hxg5 13. hxg5 Bxc3 14. bxc3 Nxe4
15. Bh5 d5 16. Rh2 Nxd2 17. Qxd2 Qd6 18. Rdh1 Qf4 19. Qxf4 Nxf4 20. Bf3 Ng6 21.
Bxd5 c6 22. Bc4 Bf5 23. f3 b5 24. Bf1 Re1+ 25. Kb2 Rae8 26. g4 Bd7 27. Rf2 R1e5
28. f4 Rd5 29. Bd3 Bxg4 30. f5 Ne5 31. Kc1 Rxd3 32. Rfh2 Rd1+ 33. Rxd1 Bxd1 0-1

[Event "London Classic FIDE Open"]
[Site "London ENG"]
[Date "2011.12.06"]
[Round "4"]
[White "Gschwendtner, Stanislav"]
[Black "Wallace, Paul"]
[Result "1/2-1/2"]
[WhiteElo "2011"]
[BlackElo "2229"]
[WhiteFideId "307297"]
[BlackFideId "2500892"]
[EventDate "2011.12.03"]

1. c4 e5 2. g3 Nc6 3. Bg2 g6 4. Nc3 Bg7 5. d3 d6 6. e3 Nf6 7. Nge2 O-O 8. b3 Re8
9. Bb2 Bd7 10. Qd2 Qc8 11. Nd5 Ne7 12. Rc1 c6 13. Nxf6+ Bxf6 14. Ba3 c5 15. b4
Bc6 16. e4 b6 17. O-O Bg7 18. Nc3 Bd7 19. bxc5 bxc5 20. Rb1 Qa6 21. Rb3 Rab8 22.
Rfb1 Rb6 23. Bc1 Reb8 24. Rxb6 Rxb6 25. Rb3 Nc6 26. Nb5 Nd4 27. Nxd4 cxd4 28.
Qb2 h5 29. f4 Bh6 30. Bd2 Kh7 31. h3 Bc6 32. Rxb6 axb6 33. f5 gxf5 34. Bxh6 Kxh6
35. Qd2+ f4 36. gxf4 Qa5 37. Qxa5 bxa5 38. fxe5 dxe5 39. h4 Kg7 40. Bf3 f5 41.
Kf2 fxe4 42. dxe4 Be8 43. Ke2 Kf6 44. Kd3 Ke7 45. Be2 Kd6 46. a3 Kc5 47. Kd2 Bf7
48. Kc2 Be8 49. Kb3 Bg6 50. Bf3 d3 51. Kc3 d2 52. Be2 Bf7 53. Kxd2 Kd4 54. c5
Kxc5 55. Kc3 1/2-1/2

[Event "London Classic FIDE Open"]
[Site "London ENG"]
[Date "2011.12.06"]
[Round "4"]
[White "Johansen, Stian"]
[Black "Anderton, Matthew N"]
[Result "1/2-1/2"]
[WhiteElo "2012"]
[BlackElo "2227"]
[WhiteFideId "1508121"]
[BlackFideId "403237"]
[EventDate "2011.12.03"]

1. d4 Nf6 2. c4 c5 3. d5 b5 4. cxb5 a6 5. bxa6 g6 6. Nc3 Bxa6 7. e4 Bxf1 8. Kxf1
d6 9. g3 Bg7 10. Kg2 Nbd7 11. Nf3 O-O 12. Qe2 Qc7 13. Bd2 Rfb8 14. Nb5 Qb7 15.
a4 Nb6 16. b3 c4 17. bxc4 Nxa4 18. Nfd4 Nd7 19. Rab1 Nab6 20. Nc6 Re8 21. Bg5
Kf8 22. Rb3 Ra4 23. Rhb1 Qc8 24. Bxe7+ Rxe7 25. Nxd6 Qc7 26. Nb5 Qc8 27. Nxe7
Kxe7 28. d6+ Kf8 29. Nc7 Nxc4 30. Qg4 Nxd6 31. Rc1 Rxe4 32. Qxe4 Nxe4 33. Ne6+
fxe6 34. Rxc8+ Kf7 35. Rb7 Ke7 36. Rcc7 Nf6 37. g4 Bh6 38. h4 Bf4 39. Rc4 Nd5
40. Ra4 h6 41. Kf3 Bc7 42. Raa7 Kd6 43. Ra8 h5 44. gxh5 gxh5 45. Rh8 Ne5+ 46.
Kg3 Nf6 47. f3 Kc6 48. Rxc7+ Kxc7 49. Rh6 Ned7 50. Kf4 Kd6 51. Kg5 1/2-1/2

[Event "London Classic FIDE Open"]
[Site "London ENG"]
[Date "2011.12.06"]
[Round "4"]
[White "Surendran, N."]
[Black "Vachtfeidl, Petr"]
[Result "1-0"]
[WhiteElo "2207"]
[BlackElo "1969"]
[WhiteFideId "5021243"]
[BlackFideId "315028"]
[EventDate "2011.12.03"]

1. d4 Nf6 2. Nf3 g6 3. g3 Bg7 4. Bg2 d5 5. O-O c6 6. b3 O-O 7. Bb2 Bf5 8. Nbd2
Qc8 9. Re1 c5 10. c4 cxd4 11. Nxd4 Bh3 12. N2f3 Bxg2 13. Kxg2 e6 14. Rc1 Qd8 15.
Ba3 Re8 16. Nb5 Nc6 17. Nd6 Re7 18. cxd5 Nxd5 19. Nxb7 Rxb7 20. Rxc6 Qa5 21. Qc1
Rd8 22. Rc5 Qa6 23. Rc6 Qa5 24. Rd1 Rbd7 25. Rd3 h6 26. Nd2 Nb4 27. Bxb4 Qxb4
28. Rxd7 Rxd7 29. Nf3 Qe4 30. Ra6 Qd5 31. h4 e5 32. e4 Qd3 33. Ra4 Qd6 34. Qc8+
Rd8 35. Qc4 Rd7 36. Ra6 Qe7 37. Rxg6 Rc7 38. Rc6 Rd7 39. h5 Kh7 40. b4 Rb7 41.
a3 Rd7 42. Qc5 Qxc5 43. Rxc5 1-0

[Event "London Classic FIDE Open"]
[Site "London ENG"]
[Date "2011.12.06"]
[Round "4"]
[White "Harari, Zaki"]
[Black "Boger, Raymond"]
[Result "1/2-1/2"]
[WhiteElo "2180"]
[BlackElo "1959"]
[WhiteFideId "2002639"]
[BlackFideId "1507419"]
[EventDate "2011.12.03"]

1. d4 g6 2. Nf3 Bg7 3. g3 d6 4. Bg2 e5 5. O-O Nc6 6. dxe5 dxe5 7. Nbd2 Nge7 8.
c3 O-O 9. Qc2 h6 10. Nb3 b6 11. Rd1 Bf5 12. Rxd8 Bxc2 13. Rxa8 Rxa8 14. Ne1 Bxb3
15. axb3 Rd8 16. Be3 Na5 17. b4 Nc4 18. Nd3 f5 19. Bb7 g5 20. Ba6 Nxe3 21. fxe3
e4 22. Bc4+ Kf8 23. Nf2 Rd2 24. Rxa7 Be5 25. Ra2 c6 26. Kf1 Nd5 27. Bxd5 cxd5
28. Ra6 Rxb2 29. Rxb6 Bxc3 30. b5 Rb1+ 31. Kg2 Re1 32. Rc6 d4 33. b6 Rb1 34.
Rf6+ Kg7 35. Rxf5 dxe3 36. Nxe4 Bd4 37. Rd5 Bxb6 38. Rd6 g4 39. Nf6 Rb2 40. Nh5+
Kf8 41. Nf4 Bc7 42. Rf6+ Kg7 43. Rg6+ Kh7 44. Rxg4 Bxf4 45. Rxf4 Rxe2+ 46. Kg1
Kg6 47. h4 Kh5 48. Re4 Kg6 49. Kf1 Rf2+ 50. Kg1 Re2 51. Kf1 Rf2+ 52. Ke1 Rf3 53.
g4 Rh3 54. Re6+ Kg7 55. h5 Rg3 56. Rg6+ Kh7 57. Ke2 Rh3 58. Re6 Rg3 59. Re7+ Kg8
60. Re4 Kg7 61. Rf4 Kg8 62. Kd3 Kg7 1/2-1/2

[Event "London Classic FIDE Open"]
[Site "London ENG"]
[Date "2011.12.06"]
[Round "4"]
[White "Wallis, Ian J"]
[Black "Spivack, Simon S Y"]
[Result "0-1"]
[WhiteElo "2003"]
[BlackElo "2175"]
[WhiteFideId "468452"]
[BlackFideId "404780"]
[EventDate "2011.12.03"]

1. e4 e5 2. Nf3 Nc6 3. Bb5 a6 4. Ba4 Nf6 5. Qe2 b5 6. Bb3 Be7 7. O-O O-O 8. c3
d6 9. Rd1 Na5 10. Bc2 c5 11. d4 Qc7 12. d5 Bd7 13. b3 Rfc8 14. Nbd2 c4 15. b4
Nb7 16. a4 a5 17. axb5 Bxb5 18. Ba3 axb4 19. Bxb4 Nc5 20. Ne1 Ra7 21. Qe3 Nfd7
22. Nf1 Rca8 23. Rab1 Ba4 24. Bxa4 Rxa4 25. Ng3 g6 26. Qf3 Ra2 27. Nf1 Nb3 28.
g3 h5 29. h4 Nf6 30. Ng2 Ng4 0-1

[Event "London Classic FIDE Open"]
[Site "London ENG"]
[Date "2011.12.06"]
[Round "4"]
[White "Lappas, Konstantinos"]
[Black "Yeo, Michael J"]
[Result "1-0"]
[WhiteElo "1992"]
[BlackElo "2152"]
[WhiteFideId "4275748"]
[BlackFideId "402257"]
[EventDate "2011.12.03"]

1. e4 e5 2. Nf3 Nc6 3. d4 exd4 4. Nxd4 Nf6 5. Nxc6 bxc6 6. e5 Qe7 7. Qe2 Nd5 8.
c4 Ba6 9. Nd2 g6 10. Nf3 Bg7 11. Bg5 Qb4+ 12. Qd2 Qxd2+ 13. Kxd2 Nb6 14. b3 O-O
15. Bd3 Bb7 16. Rae1 Rfe8 17. a4 a5 18. Re2 d6 19. exd6 Rxe2+ 20. Bxe2 cxd6 21.
Rd1 c5 22. Bf4 d5 23. Bc7 Nd7 24. cxd5 Bxd5 25. Kc2 Nf6 26. Bc4 Bxc4 27. bxc4
Ne4 28. Rd8+ Rxd8 29. Bxd8 Nd6 30. Bxa5 Nxc4 31. Bc7 Bf8 32. a5 Na3+ 33. Kb2 c4
34. Bb6 Bb4 35. a6 c3+ 36. Kc1 Nc4 37. Bd4 Na5 38. a7 1-0

[Event "London Classic FIDE Open"]
[Site "London ENG"]
[Date "2011.12.06"]
[Round "4"]
[White "Quinn, John M"]
[Black "Fransson, Angelina"]
[Result "0-1"]
[WhiteElo "2151"]
[BlackElo "1940"]
[WhiteFideId "405043"]
[BlackFideId "1712632"]
[EventDate "2011.12.03"]

1. d4 Nf6 2. c4 g6 3. Nc3 Bg7 4. e4 d6 5. Nf3 O-O 6. h3 e5 7. d5 a5 8. Bg5 h6 9.
Be3 Na6 10. g4 Ne8 11. Rg1 Bd7 12. Be2 c6 13. h4 Nac7 14. h5 g5 15. Nd2 cxd5 16.
cxd5 b5 17. a4 b4 18. Nb5 Rb8 19. Na7 Nf6 20. f3 Ncxd5 21. exd5 Nxd5 22. Bf2 Nf4
23. Nb5 e4 24. Nxe4 d5 25. Bd4 dxe4 26. Bxg7 Kxg7 27. Qd4+ Qf6 28. Qxf6+ Kxf6
29. fxe4 Bc6 30. Rd1 Bxe4 31. Rg3 Rfe8 32. Rd6+ Kg7 33. Nd4 Bd3 34. Ne6+ Rxe6
35. Rxe6 fxe6 36. Bxd3 Rd8 37. Bc4 Rd4 38. b3 Kf6 39. Kf2 Ke5 40. Kf3 Re4 41.
Rg1 Nd5 42. Bxd5 exd5 43. Rc1 Rf4+ 44. Kg3 d4 45. Rc5+ Ke4 46. Rxa5 d3 47. Ra8
d2 48. Rd8 Rf3+ 0-1

[Event "London Classic FIDE Open"]
[Site "London ENG"]
[Date "2011.12.06"]
[Round "4"]
[White "Nandhidhaa, PV"]
[Black "Tortorella, Giancarlo"]
[Result "1-0"]
[WhiteElo "2139"]
[BlackElo "1766"]
[WhiteFideId "5050847"]
[BlackFideId "824909"]
[EventDate "2011.12.03"]

1. e4 e5 2. Nf3 Nc6 3. Nc3 Nf6 4. Bb5 Bb4 5. O-O d6 6. d3 h6 7. Nd5 Bc5 8. b4
Bb6 9. c3 O-O 10. a4 Nxd5 11. exd5 Ne7 12. a5 c6 13. dxc6 Bc7 14. cxb7 Bxb7 15.
d4 e4 16. Nd2 a6 17. Bc4 d5 18. Bb3 Qd6 19. g3 Nf5 20. Re1 Rae8 21. Nf1 Qg6 22.
Kh1 Qd6 23. b5 axb5 24. Ba3 Qe6 25. Bxf8 Kxf8 26. Ne3 Ne7 27. a6 Bxa6 28. Nxd5
Nxd5 29. Bxd5 Qxd5 30. Rxa6 e3+ 31. Kg1 exf2+ 32. Kxf2 Qf5+ 33. Kg1 Rc8 34. Qe2
Qg5 35. Rc6 Qd5 36. Rxc7 1-0

[Event "London Classic FIDE Open"]
[Site "London ENG"]
[Date "2011.12.06"]
[Round "4"]
[White "Mareckova, Martina"]
[Black "Wigbout, Rod"]
[Result "1-0"]
[WhiteElo "2123"]
[BlackElo "1827"]
[WhiteFideId "327930"]
[BlackFideId "419850"]
[EventDate "2011.12.03"]

1. e4 c5 2. Nc3 e6 3. g3 d5 4. Bg2 d4 5. Nce2 Nc6 6. d3 e5 7. f4 Bd6 8. Nf3 Nf6
9. h3 b5 10. O-O O-O 11. a4 b4 12. b3 a5 13. f5 h6 14. g4 Nh7 15. Qe1 Be7 16.
Qg3 Bb7 17. Kh1 Re8 18. Bd2 Bg5 19. Nxg5 Nxg5 20. h4 Nh7 21. g5 hxg5 22. hxg5
Qe7 23. Rf2 Bc8 24. Bf3 1-0

[Event "London Classic FIDE Open"]
[Site "London ENG"]
[Date "2011.12.06"]
[Round "4"]
[White "Torner Planell, Josep Ramon"]
[Black "Aryan, Chopra"]
[Result "1/2-1/2"]
[WhiteElo "2123"]
[BlackElo "1836"]
[WhiteFideId "2219174"]
[BlackFideId "5084423"]
[EventDate "2011.12.03"]

1. e4 c5 2. Nf3 d6 3. d4 cxd4 4. Qxd4 Nc6 5. Bb5 Bd7 6. Bxc6 Bxc6 7. Nc3 Nf6 8.
Bg5 e6 9. O-O-O Be7 10. Qd3 a6 11. Nd4 Bd7 12. Kb1 O-O 13. h4 b5 14. f4 Qc7 15.
g4 Rfc8 16. f5 b4 17. Bxf6 Bxf6 18. Nce2 e5 19. Nf3 d5 20. Ng3 Bb5 21. Qd2 dxe4
22. Nxe4 Rd8 23. Nxf6+ gxf6 24. Qe3 Rxd1+ 25. Rxd1 Rd8 26. Rg1 Qd6 27. b3 Bc6
28. g5 Bxf3 29. gxf6+ Kh8 30. Qxf3 Qxf6 31. Qg4 a5 32. Rg2 h6 33. Rg1 Kh7 34.
Qg3 Kh8 35. Qg4 Kh7 36. Rg2 Kh8 37. Rg3 Kh7 38. Rg1 Kh8 1/2-1/2

[Event "London Classic FIDE Open"]
[Site "London ENG"]
[Date "2011.12.06"]
[Round "4"]
[White "Sagues, Vincent"]
[Black "Whitehead, David J"]
[Result "1/2-1/2"]
[WhiteElo "1952"]
[BlackElo "2079"]
[WhiteFideId "625680"]
[BlackFideId "406813"]
[EventDate "2011.12.03"]

1. e4 c5 2. Nf3 Nc6 3. d4 cxd4 4. Nxd4 Nf6 5. Nc3 e5 6. Ndb5 d6 7. Bg5 a6 8. Na3
b5 9. Nd5 Be7 10. Bxf6 Bxf6 11. c4 b4 12. Nc2 a5 13. g3 Bg5 14. Bg2 O-O 15. O-O
Ne7 16. Nxe7+ Qxe7 17. b3 Kh8 18. Qe2 Rb8 19. Rad1 f5 20. exf5 Bxf5 21. Ne3 Be6
22. Nd5 Qd7 23. Rfe1 Bg4 24. f3 Bh5 25. Kh1 1/2-1/2

[Event "London Classic FIDE Open"]
[Site "London ENG"]
[Date "2011.12.06"]
[Round "4"]
[White "Calvert, D Ian"]
[Black "Barton, R Alan"]
[Result "0-1"]
[WhiteElo "1947"]
[BlackElo "2073"]
[WhiteFideId "406368"]
[BlackFideId "404233"]
[EventDate "2011.12.03"]

1. b3 d6 2. Bb2 Nd7 3. d4 Ngf6 4. Nf3 g6 5. g3 Bg7 6. Bg2 O-O 7. O-O c6 8. c4
Qc7 9. Nc3 e5 10. e4 a5 11. a3 exd4 12. Nxd4 Nc5 13. b4 axb4 14. axb4 Rxa1 15.
Bxa1 Ne6 16. Nxe6 Bxe6 17. Qd3 Ra8 18. Bb2 Ng4 19. Nd1 Ne5 20. Bxe5 dxe5 21. Ne3
Qb6 22. Rb1 Qd4 23. Qc2 Bh6 24. Rd1 Ra1 25. Rxa1 Qxa1+ 26. Bf1 Bxe3 27. fxe3 Qe1
28. Qf2 Qxb4 29. Qf6 Qc5 30. Kf2 b5 31. cxb5 cxb5 32. Qd8+ Kg7 33. Bd3 b4 34.
Bb1 Ba2 35. Bxa2 Qc2+ 36. Kf3 Qxa2 37. Qd6 Qb2 38. h4 h5 39. g4 hxg4+ 40. Kg3 b3
41. h5 Qa1 42. hxg6 Qg1+ 43. Kh4 Qh1+ 0-1

[Event "London Classic FIDE Open"]
[Site "London ENG"]
[Date "2011.12.06"]
[Round "4"]
[White "Pleininger, Rudolf"]
[Black "Hansen, Pal Andreas"]
[Result "1-0"]
[WhiteElo "1939"]
[BlackElo "2056"]
[WhiteFideId "1305999"]
[BlackFideId "1506145"]
[EventDate "2011.12.03"]

1. e4 e6 2. d4 d5 3. Nc3 Nf6 4. Bg5 dxe4 5. Nxe4 Be7 6. Bxf6 gxf6 7. Nf3 a6 8.
Bd3 Nd7 9. O-O f5 10. Nc3 Nf6 11. Qe2 O-O 12. Rad1 b5 13. a3 Bb7 14. Rfe1 Bd6
15. Ne5 Ne8 16. Qh5 Ng7 17. Qh6 f6 18. Nf3 c5 19. dxc5 Bxc5 20. Nh4 Qd4 21. Re3
Rad8 22. Be2 Qxd1+ 23. Nxd1 Bxe3 24. Nxe3 Rd6 25. Bd3 Be4 26. Bxe4 fxe4 27. g3
f5 28. Nhg2 Rfd8 29. Qg5 Rd1+ 30. Nxd1 Rxd1+ 31. Ne1 Rxe1+ 32. Kg2 Rd1 33. Qe3
Rd6 34. Qc5 Ne8 35. c4 bxc4 36. Qxc4 Kf7 37. b4 Rd2 38. Qxa6 Kf6 39. Qc8 1-0

[Event "London Classic FIDE Open"]
[Site "London ENG"]
[Date "2011.12.06"]
[Round "4"]
[White "Nelson, Omowale"]
[Black "Kalerwa, Edwin M"]
[Result "1-0"]
[WhiteElo "2070"]
[BlackElo "1728"]
[WhiteFideId "7400209"]
[BlackFideId "422223"]
[EventDate "2011.12.03"]

1. d4 Nf6 2. c4 c5 3. d5 g6 4. Nc3 d6 5. Nf3 Bg7 6. h3 Na6 7. e4 O-O 8. Bd3 Nb4
9. Bb1 Bd7 10. O-O Qc8 11. Bf4 Nh5 12. Bh2 f5 13. e5 dxe5 14. Bxe5 f4 15. Kh2
Bf5 16. Bxg7 Nxg7 17. Ne4 Qc7 18. a3 Na6 19. Neg5 h6 20. Bxf5 Rxf5 21. Ne4 Kh7
22. Qd3 g5 23. Kg1 Kg8 24. Rfe1 Rd8 25. Rad1 b6 26. d6 exd6 27. g4 fxg3 28. Nxg3
Rf4 29. Ne2 Rf6 30. Ne5 Rdf8 31. Qd5+ Kh8 32. Ng4 Rf5 33. Qd3 h5 34. Ng3 Qc6 35.
Nxf5 Nxf5 36. Qc3+ 1-0

[Event "London Classic FIDE Open"]
[Site "London ENG"]
[Date "2011.12.06"]
[Round "4"]
[White "Jakobsen, Alf Gjoran"]
[Black "Bass, John W"]
[Result "1/2-1/2"]
[WhiteElo "1861"]
[BlackElo "2071"]
[WhiteFideId "1508008"]
[BlackFideId "407925"]
[EventDate "2011.12.03"]

1. d4 Nf6 2. c4 e6 3. Nc3 Bb4 4. f3 d5 5. a3 Bxc3+ 6. bxc3 O-O 7. cxd5 exd5 8.
e3 c5 9. dxc5 Qa5 10. Ne2 Nc6 11. a4 Re8 12. Ba3 Rxe3 13. Qd2 Re8 14. Bb4 Qc7
15. Kf2 b6 16. Nd4 Nxb4 17. cxb6 Qxb6 18. cxb4 a5 19. bxa5 Rxa5 20. Bb5 Bd7 21.
Bxd7 Nxd7 22. Rab1 Qa7 23. Rhd1 Rxa4 24. Kf1 Nf6 25. Nb5 1/2-1/2

[Event "London Classic FIDE Open"]
[Site "London ENG"]
[Date "2011.12.06"]
[Round "4"]
[White "De Coverly, Roger D"]
[Black "Sigurdsson, Birkir Karl"]
[Result "1/2-1/2"]
[WhiteElo "2027"]
[BlackElo "1649"]
[WhiteFideId "405213"]
[BlackFideId "2304180"]
[EventDate "2011.12.03"]

1. e4 c5 2. Nf3 d6 3. d4 cxd4 4. Nxd4 Nf6 5. Nc3 g6 6. Be3 Bg7 7. f3 O-O 8. Bc4
Nc6 9. Qd2 Nxd4 10. Bxd4 Be6 11. Bxe6 fxe6 12. O-O Nd7 13. Kh1 Rc8 14. Bxg7 Kxg7
15. Qd4+ Kg8 16. Qxa7 Qb6 17. Qxb6 Nxb6 18. Rf2 Nc4 19. Nd1 b5 20. c3 Rc7 21.
Kg1 Rb8 22. Re2 Ne5 23. Ne3 b4 24. cxb4 Rxb4 25. a3 Rb3 26. a4 Ra7 27. Nd1 Nc4
28. Rc2 d5 29. Rc3 Rb4 30. b3 Na5 31. exd5 exd5 32. Rb1 d4 33. Rc5 Rxb3 34. Rxa5
Rxb1 35. Rxa7 Rxd1+ 36. Kf2 Kf7 37. Ke2 Rg1 38. g4 Rg2+ 39. Kd3 Rxh2 40. g5 Rf2
41. Ke4 d3 42. Ke3 Rg2 43. f4 Rg3+ 44. Kd2 Rf3 45. Ra5 Rxf4 46. Kxd3 e5 47. Ra7+
Ke6 48. Ra6+ Kd5 49. Ra5+ Ke6 50. Ra6+ Kd5 51. Ra5+ 1/2-1/2

[Event "London Classic FIDE Open"]
[Site "London ENG"]
[Date "2011.12.06"]
[Round "4"]
[White "Rudd, Jack"]
[Black "Reppen, Ellisiv"]
[Result "1/2-1/2"]
[WhiteTitle "IM"]
[WhiteElo "2290"]
[BlackElo "1949"]
[WhiteFideId "405736"]
[BlackFideId "1504959"]
[EventDate "2011.12.03"]

1. e4 e5 2. d4 exd4 3. Qxd4 Nc6 4. Qe3 Nf6 5. Nc3 Bb4 6. Bd2 O-O 7. O-O-O Re8 8.
Qg3 Nxe4 9. Nxe4 Rxe4 10. Bf4 Qf6 11. Nh3 d6 12. Bd3 Nd4 13. Kb1 Ne2 14. Qf3 Ba3
15. bxa3 Nc3+ 16. Kc1 Nxa2+ 17. Kb1 Nc3+ 18. Kc1 1/2-1/2

[Event "London Classic FIDE Open"]
[Site "London ENG"]
[Date "2011.12.06"]
[Round "4"]
[White "Plug, Arjan"]
[Black "O'Toole, George E"]
[Result "0-1"]
[WhiteElo "1945"]
[BlackElo "2189"]
[WhiteFideId "1011600"]
[BlackFideId "412732"]
[EventDate "2011.12.03"]

1. e4 e5 2. d4 exd4 3. Qxd4 Nc6 4. Qe3 g6 5. Bd2 Bg7 6. Bc3 Nf6 7. Nd2 O-O 8.
O-O-O Ng4 9. Qg3 Bxc3 10. Qxg4 Bg7 11. f4 d5 12. Qg5 Qxg5 13. fxg5 dxe4 14. Nxe4
Bf5 15. Nf2 Bd4 16. Ngh3 Be3+ 17. Kb1 Nb4 18. Nd3 Rad8 19. a3 Nd5 20. Be2 Bxh3
21. gxh3 Bxg5 22. Rhg1 Be7 23. Bf3 c6 24. Rde1 Rfe8 25. c4 Nb6 26. Ne5 Bd6 27.
Ng4 Rxe1+ 28. Rxe1 Nxc4 29. Nf6+ Kg7 30. Ne8+ Kf8 31. Nxd6 Nd2+ 32. Kc2 Nxf3 33.
Rd1 Rd7 34. Ne4 Rxd1 35. Kxd1 Ke7 0-1

[Event "London Classic FIDE Open"]
[Site "London ENG"]
[Date "2011.12.06"]
[Round "4"]
[White "Tart, Peter K"]
[Black "Pedersen, Carsten"]
[Result "1/2-1/2"]
[WhiteElo "1944"]
[BlackElo "2133"]
[WhiteFideId "471070"]
[BlackFideId "1409760"]
[EventDate "2011.12.03"]

1. e4 e6 2. d4 d5 3. exd5 exd5 4. Bd3 Nc6 5. c3 Bd6 6. Qf3 Nge7 7. Ne2 O-O 8.
Bg5 Be6 9. Nd2 Qd7 10. h3 Rae8 11. O-O-O Bf5 12. Rde1 Bxd3 13. Qxd3 Ng6 14. Qf3
h6 15. Be3 Nce7 16. h4 Nf5 17. h5 Nxe3 18. fxe3 Ne7 19. e4 dxe4 20. Nxe4 Qf5 21.
Qxf5 Nxf5 22. Nxd6 Nxd6 23. Ng3 f6 24. b3 Kf7 25. Kd2 b5 1/2-1/2

[Event "London Classic FIDE Open"]
[Site "London ENG"]
[Date "2011.12.06"]
[Round "4"]
[White "Cohen, Ronnie"]
[Black "Mikalsen, Erlend"]
[Result "0-1"]
[WhiteElo "1930"]
[BlackElo "2063"]
[WhiteFideId "412082"]
[BlackFideId "1507338"]
[EventDate "2011.12.03"]

1. d4 d5 2. Nf3 Nf6 3. Bf4 g6 4. c3 Bg7 5. h3 Nbd7 6. e3 O-O 7. Be2 c5 8. O-O
Qb6 9. Qb3 Qa5 10. Nbd2 c4 11. Qc2 Nh5 12. Bh2 f5 13. Ng5 Ndf6 14. b3 Bh6 15.
Ngf3 f4 16. exf4 Bf5 17. Qb2 Nxf4 18. Bxf4 Bxf4 19. bxc4 Ne4 20. Nxe4 dxe4 21.
Ne1 Rae8 22. Nc2 Bb8 23. Qxb7 Qxc3 24. Qb3 Qd2 25. Rfe1 Qf4 26. g3 Qh6 27. h4 g5
28. Qe3 Bf4 29. hxg5 Bxg5 30. Qb3 e3 31. Nxe3 Be4 32. Ng2 Rxf2 33. Kxf2 Rf8+ 34.
Kg1 Qh3 35. Bf3 Bxf3 36. c5+ Kh8 37. Qb2 Qxg3 38. Qf2 Qg4 39. d5 Bh4 40. Qd2 Rg8
41. Rad1 Qxg2+ 42. Qxg2 Rxg2+ 43. Kf1 Rh2 0-1

[Event "London Classic FIDE Open"]
[Site "London ENG"]
[Date "2011.12.06"]
[Round "4"]
[White "Varnam, Liam D"]
[Black "Bala kannamma.P"]
[Result "1-0"]
[WhiteElo "2059"]
[BlackElo "1927"]
[WhiteFideId "410950"]
[BlackFideId "5081432"]
[EventDate "2011.12.03"]

1. e4 c5 2. Nf3 a6 3. c4 e6 4. Nc3 Qc7 5. d4 cxd4 6. Nxd4 Nf6 7. Be3 Bb4 8. f3
Bxc3+ 9. bxc3 d5 10. exd5 exd5 11. Qb3 Qe7 12. Kf2 dxc4 13. Bxc4 O-O 14. Rhe1
Qc7 15. Kg1 Nc6 16. Nxc6 Qxc6 17. Bd4 b5 18. Bd3 h6 19. a4 Bd7 20. axb5 axb5 21.
Rab1 Rab8 22. Re5 Be6 23. Bxb5 Qc7 24. Qc2 Rfd8 25. Bd3 Nd5 26. Rxb8 Rxb8 27.
Re1 Rc8 28. Rc1 Nf4 29. Bf1 Ra8 30. c4 Rd8 31. Qe4 Ng6 32. Be3 Qd7 33. c5 Bd5
34. Qd4 Qe7 35. Rd1 Rd7 36. Qc3 Nf8 37. Bb5 Rd8 38. c6 Be6 39. Rxd8 Qxd8 40. c7
Qc8 41. Qc6 Bd7 42. Ba6 Qe8 43. Qc3 Bc8 44. Bxc8 Qxc8 45. Bf4 Ne6 46. Bd6 Kh7
47. h3 f5 48. Qb4 Nxc7 49. Qc5 Qe6 50. Qxc7 Qg6 51. Be5 h5 52. Kf2 Qg5 53. Qxg7+
Qxg7 54. Bxg7 Kxg7 55. Kg3 Kg6 56. h4 Kf7 57. Kf4 Kf6 58. g3 Kg7 59. Kxf5 1-0

[Event "London Classic FIDE Open"]
[Site "London ENG"]
[Date "2011.12.06"]
[Round "4"]
[White "Warman, Simon M"]
[Black "De Lagontrie, Jean"]
[Result "1-0"]
[WhiteElo "2056"]
[BlackElo "1912"]
[WhiteFideId "408867"]
[BlackFideId "605271"]
[EventDate "2011.12.03"]

1. e4 c5 2. f4 g6 3. Nf3 Bg7 4. Nc3 Nc6 5. Bc4 e6 6. d3 Nge7 7. O-O O-O 8. Qe1
d5 9. Bb3 Na5 10. Qh4 Nxb3 11. axb3 Nc6 12. f5 Qxh4 13. Nxh4 gxf5 14. exd5 Nd4
15. Rf2 Bd7 16. Nf3 a6 17. Bf4 Nxf3+ 18. Rxf3 e5 19. Be3 b6 20. Na4 Bxa4 21.
Rxa4 f4 22. Bd2 f5 23. b4 b5 24. Ra5 c4 25. dxc4 bxc4 26. Bc3 Rad8 27. d6 Rxd6
28. Bxe5 Rd1+ 29. Rf1 Rd2 30. Bxg7 Kxg7 31. c3 Rf6 32. Rxf4 Kg6 33. h3 Rxb2 34.
Rc5 Rc2 35. Rfxc4 1-0

[Event "London Classic FIDE Open"]
[Site "London ENG"]
[Date "2011.12.06"]
[Round "4"]
[White "Herda, Christoph"]
[Black "Hoegener, Claude"]
[Result "0-1"]
[WhiteElo "1908"]
[BlackElo "2028"]
[WhiteFideId "24623369"]
[BlackFideId "4000978"]
[EventDate "2011.12.03"]

1. Nc3 d5 2. e4 e6 3. f4 Nf6 4. e5 Nfd7 5. Nf3 c5 6. g3 Nc6 7. Bg2 Be7 8. d3 O-O
9. O-O a6 10. g4 b5 11. f5 Ndxe5 12. fxe6 Nxf3+ 13. Bxf3 Bxe6 14. h3 Ne5 15. Bg2
Ng6 16. Ne2 Bd6 17. Nf4 Nxf4 18. Bxf4 Rc8 19. Qd2 d4 20. a4 c4 21. Bb7 c3 22.
Qc1 cxb2 23. Qxb2 Rb8 24. Be4 bxa4 25. Qxd4 Bxf4 26. Qxd8 Be3+ 27. Kg2 Rfxd8 28.
Rxa4 Rb2 29. Kf3 Bg5 30. c4 Rdb8 31. h4 Bxh4 32. Rh1 g5 33. Rc1 Rf2+ 34. Ke3
Bxg4 35. Rxa6 Re2+ 36. Kd4 Bf2+ 37. Kd5 f5 38. Bg2 Be3 0-1